Borges : una biografía en imágenes /

Збережено в:
Бібліографічні деталі
Автор: Vaccaro, Alejandro (autor)
Формат: Книга
Мова:Іспанська
Опубліковано: Buenos Aires, Argentina : Ediciones B, 2005, c2005
Предмети:
Теги: Додати тег
Немає тегів, Будьте першим, хто поставить тег для цього запису!

MARC

LEADER 00000nam^a2200000^a^4500
001 000188525
005 20250521000000.0
009 20260310102341.864
020 |a 987-1222-05-X 
037 |a Acervo ITESO - Biblioteca 
041 |a ESP 
082 |a 860. 98206  |b VAC 
100 |a Vaccaro, Alejandro  |e (autor) 
245 1 0 |a Borges :  |b una biografía en imágenes /  |c A. Vaccaro. 
264 4 |a Buenos Aires, Argentina :  |b Ediciones B,  |c 2005, c2005 
300 |a 181 p. 
336 |a texto  |b txt  |2 rdacontenido 
337 |a sin mediación  |b n  |2 rdamedio 
338 |a volumen  |b nc  |2 rdasoporte 
545 0 |a El escritor argentino Jorge Luis Borges, nacido en Buenos Aires en 1899 y fallecido en Ginebra, Suiza, en 1986, fue un ávido lector y un precoz autor, cuya primera obra fue publicada por su padre en 1909. La poesía, el ensayo, la especulación filosófica y la narrativa conjuntan un trabajo creativo que en muchos casos diluye las clasificaciones genéricas al uso. A partir de la aparición del volumen de poemas Fervor de Buenos Aires (1923), el argentino creó una extensa obra, considerada como central en la literatura universal del siglo XX. Es autor, entre otros títulos, de: Inquisiciones (1925); Luna de enfrente (1925); Tamaño de mi esperanza (1928); El idioma de los argentinos (1928); Cuaderno San Martín (1929); Evaristo Carriego (1930); Discusión (1932); Historia universal de la infamia (1933-1935); Historia de la eternidad (1936); Ficciones (1944); El aleph (1949), Otras inquisiciones (1952); El hacedor (1960); El otro, el mismo (1964); Para las seis cuerdas (1965); Elogio de la sombra (1969); El informe de Brodie (1970); El oro de los tigres (1972); La rosa profunda (1975); Los conjurados (1975); El libro de arena (1975); La moneda de hierro (1976). 
586 |a Premio Miguel de Cervantes 1979, ex aequo: Biografías, crítica e interpretación 
649 |a XX 
650 |a Escritores Argentinos -  |x Biografías 
650 |a Escritores Argentinos -  |x Fotografías 
650 |a Poesía Argentina -  |x Historia y Crítica 
650 |a Cuentos Argentinos -  |x Historia y Crítica 
650 |a Ensayos Argentinos -  |x Historia y Crítica 
650 |a Fotografía y Literatura -  |z Argentina 
650 |a Literatura Argentina -  |x Historia y Crítica 
650 |a Literatura Argentina -  |y Siglo XX 
650 |a Borges, Jorge Luis -  |x Tema Principal 
910 |a Fondo General 
920 |a Impresos - Libros 
930 |a Reserva Especial 
940 |a Literatura 
905 |a 103 
901 |a 0500131151  |b IT1  |c REE  |u 20250521 
902 |a https://opac.biblio.iteso.mx/vufind/Record/000188525